The Utility of regional gravity and magnetic anomaly maps /

Bibliographic Details
Corporate Author: International Meeting of the SEG
Other Authors: Hinze, William J.
Format: Conference Proceeding Book
Language:English
Published: Tulsa, Okla. : Society of Exploration Geophysicists, 1985.
Subjects:

MARC

Tag First Indicator Second Indicator Subfields
LEADER 00000cam a2200000 a 4500
001 in00000444451
005 20151012065830.0
008 841129s1985 okua b 10100 eng
010 |a  84052447  
020 |a 0931830346 
035 |a (OCoLC)12932240 
035 |9 ABW4574AM 
039 0 |a 2  |b 3  |c 3  |d 3  |e 3 
040 |a DLC  |c DLC  |d TXA  |d UtOrBLW 
043 |a n------ 
049 |a TXAM  |c [A09854267] 
050 0 0 |a TN270  |b .U93 1985 
082 0 |a 526/.7  |2 19 
245 0 4 |a The Utility of regional gravity and magnetic anomaly maps /  |c William J. Hinze, editor ; Martin F. Kane [and others], associate editors. 
264 1 |a Tulsa, Okla. :  |b Society of Exploration Geophysicists,  |c 1985. 
300 |a xiii, 454 pages :  |b illustrations (some color) ;  |c 29 cm. 
336 |a text  |b txt  |2 rdacontent 
337 |a unmediated  |b n  |2 rdamedia 
338 |a volume  |b nc  |2 rdacarrier 
500 |a Selected papers presented at the 52nd Annual International Meeting of the SEG held in the fall of 1982 in Dallas, Tex. 
504 |a Includes bibliographies and index. 
650 0 |a Prospecting  |x Geophysical methods  |v Congresses. 
650 0 |a Gravity anomalies  |x Maps  |x Congresses. 
650 0 |a Magnetic anomalies  |x Maps  |x Congresses. 
650 0 |a Gravity anomalies  |z North America  |x Congresses. 
650 0 |a Magnetic anomalies  |z North America  |x Congresses. 
700 1 |a Hinze, William J. 
711 2 |a International Meeting of the SEG  |n (52nd :  |d 1982 :  |c Dallas, Tex.) 
999 |a MARS 
999 f f |s 93c31dc8-1b04-3045-9810-096346c3fb49  |i a98793c6-6677-35be-b95a-c49ef2522731  |t 0 
952 f f |p ric  |a Texas A&M University  |b Rellis Campus  |c Joint Library Facility  |d Remote Storage  |t 0  |e TN270 .U93 1985  |h Library of Congress classification  |i unmediated -- volume  |m A14809854267 
998 f f |a TN270 .U93 1985  |t 0  |l Remote Storage